| 000 | 00418 a2200169 4500 | ||
|---|---|---|---|
| 001 | 174625 | ||
| 020 | _a978-85-7153-209-0 | ||
| 040 | _cMagnum | ||
| 100 | _aCoelho, Ronaldo Simões | ||
| 240 | 1 | 0 |
_aO caso da banana ou muita coisa em pouco tempo _lpor |
| 245 | 1 | 0 | _aO caso da banana ou muita coisa em pouco tempo |
| 300 | _a28 | ||
| 362 | 0 | _a2007 | |
| 440 | 1 | _aRHJ | |
| 697 | _aLITERATURA INFANTO | ||
| 942 | _cBK | ||
| 999 |
_c174625 _d174625 |
||